000 01310nam a2200241Ia 4500
999 _c44471
_d44471
001 11241
003 GE_BSU
005 20230327110248.0
008 181216s2006ge xx |||||||||||||| ||geo||
020 _a9992843535
040 _cGE_BSU
041 _ageo
080 _a630(038) შ-18
100 _aშაინიძე ა.
_911602
245 _aსატყეო ტერმინოლოგიის ენციკლოპედიური ლექსიკონი
_bსახელმძღვ. სატყეო-საინჟინრო, აგრონომიული, მცენარეთა დაცვის, ეკოლოგიის სპეც. სტუდენტებისათვის /
_cა.შაინიძე, რ.შაინიძე, ა.ძირკვაძე, რედ. გ. გიგაური
264 _aბათუმი :
_bალიონი,
_c2006.
300 _a343 გვ.:
_b20 სმ.
653 _aსატყეო ტერმინოლოგიის ენციკლოპედიური ლექსიკონი
700 _aშაინიძე, რ
_917267
700 _aძირკვაძე, ა
_917268
700 _a გიგაური, გ
_eრედაქტორი
_917269
942 _cBK
_2udc